Welcome to WEB OPAC of MRSPTU Central Library

Irrigation engineeing ( including hydrology ) (Record no. 4988)

MARC details
000 -LEADER
fixed length control field 00420nam a2200169Ia 4500
008 - FIXED-LENGTH DATA ELEMENTS--GENERAL INFORMATION
fixed length control field 230711s9999||||xx |||||||||||||| ||und||
041 ## - LANGUAGE CODE
Language code of text/sound track or separate title ENG
082 ## - DEWEY DECIMAL CLASSIFICATION NUMBER
Classification number 627
Item number SH-I
100 ## - MAIN ENTRY--PERSONAL NAME
Personal name Sharma.R.K
245 #0 - TITLE STATEMENT
Title Irrigation engineeing ( including hydrology )
250 ## - EDITION STATEMENT
Edition statement 3rd Ed.
260 ## - PUBLICATION, DISTRIBUTION, ETC.
Date of publication, distribution, etc. 2007
Place of publication, distribution, etc. New Delhi
Name of publisher, distributor, etc. S.Chand & Company Ltd
300 ## - PHYSICAL DESCRIPTION
Extent 732
650 ## - SUBJECT ADDED ENTRY--TOPICAL TERM
Topical term or geographic name entry element Civil Engineering
700 ## - ADDED ENTRY--PERSONAL NAME
Personal name Sharma,T.K
942 ## - ADDED ENTRY ELEMENTS (KOHA)
Koha item type Book
Holdings
Withdrawn status Lost status Damaged status Not for loan Collection Home library Current library Date acquired Total checkouts Full call number Barcode Date last seen Price effective from Koha item type Date last checked out
          MRSPTU Central Library MRSPTU Central Library     627 SH-I 18353 08/17/2023 08/17/2023 Book  
          MRSPTU Central Library MRSPTU Central Library     627 SH-I 18354 08/17/2023 08/17/2023 Book  
          MRSPTU Central Library MRSPTU Central Library   4 627 SH-I 18355 03/12/2026 08/17/2023 Book 02/19/2026
          MRSPTU Central Library MRSPTU Central Library     627 SH-I 18356 08/17/2023 08/17/2023 Book  
          MRSPTU Central Library MRSPTU Central Library   1 627 SH-I 18357 06/19/2024 08/17/2023 Book 02/05/2024
          MRSPTU Central Library MRSPTU Central Library     627 SH-I 18358 08/17/2023 08/17/2023 Book  
          MRSPTU Central Library MRSPTU Central Library   2 627 SH-I 18359 03/27/2026 08/17/2023 Book 03/05/2026
          MRSPTU Central Library MRSPTU Central Library   2 627 SH-I 18360 05/13/2024 08/17/2023 Book 04/09/2024
          MRSPTU Central Library MRSPTU Central Library   1 627 SH-I 18361 03/27/2024 08/17/2023 Book 03/13/2024
          MRSPTU Central Library MRSPTU Central Library     627 SH-I 18362 08/17/2023 08/17/2023 Book  

Website Designed and Developed by MRSPTU Central Library Team

E-mail Id: librarian@mrsptu.ac.in